Normal view
MARC view
- Feldmann, Dierk G Wills, David K Totten, G.E
Entry Personal Name
001 - CONTROL NUMBER
- control field: 61081
003 - CONTROL NUMBER IDENTIFIER
- control field: NUST
005 - DATE AND TIME OF LATEST TRANSACTION
- control field: 20210628202702.0
008 - FIXED-LENGTH DATA ELEMENTS
- fixed length control field: 210628|| aca||aabn | a|a d
040 ## - CATALOGING SOURCE
- Original cataloging agency: NUST
- Transcribing agency: NUST
100 ## - HEADING--PERSONAL NAME
- Personal name: Feldmann, Dierk G Wills, David K Totten, G.E
670 ## - SOURCE DATA FOUND
- Source citation: Work cat.: (NUST): Feldmann, Dierk G Wills, David K Totten, G.E, Hydraulic failure analysis fluids, components and system effects, 2001
